000 00598cam a22002173a 4500
001 33392
003 PGUSA
005 20140828083724.0
008 100809s2010||||xxu|||||s|||||000 | eng d
040 _aPGUSA
_beng
042 _adc
100 1 _aFranklin, Edgar,
_d1879-1958
245 1 0 _aIn And Out
_h[electronic resource] /
_cEdgar Franklin
260 _bProject Gutenberg,
_c2010
506 _aPublic domain in the USA.
516 _aElectronic text
700 1 _aStahr, Paul,
_d1883-
830 0 _aProject Gutenberg
_v33392
856 4 0 _uhttp://www.gutenberg.org/ebooks/33392
942 _cEB
999 _c262647
_d262647